[Event "ESP-ch"]
[Site "?"]
[Date "1996.??.??"]
[Round "?"]
[White "Ochoa De Echaguen, Fco Javier"]
[Black "San Segundo, Pablo"]
[WhiteElo "2410"]
[BlackElo "2535"]
[Result "1-0"]

1. e4 c5 2. Nf3 d6 3. d4 cxd4 4. Nxd4 Nf6 5. Nc3 Nc6 6. g3 g6 7. Nde2 Bg7 8. Bg2 Bd7 9. h3 Qc8 10. b3 O-O 11. Bb2 a5 12. g4 Ra6 13. O-O h5 14. g5 Nh7 15. h4 b5 16. Qc1 Bh3 17. f3 Nd4 18. Rf2 Nxe2+ 19. Nxe2 Rc6 20. Nf4 Bxg2 21. Kxg2 Bxb2 22. Qxb2 e5 23. Nd5 Qe6 24. Rd1 f6 25. Qc1 fxg5 26. hxg5 Rf7 27. Kh2 Rc8 28. Qe3 b4 29. Rg1 Rcf8 30. Rgg2 Qc8 31. f4 exf4 32. Rxf4 Rxf4 33. Ne7+ 

1-0

[Event "Lisboa zt"]
[Site "?"]
[Date "1993.??.??"]
[Round "?"]
[White "Ochoa De Echaguen, Fco Javier"]
[Black "Godena, Michele"]
[WhiteElo "2415"]
[BlackElo "2485"]
[Result "1-0"]

1. e4 e5 2. Nf3 Nc6 3. d4 exd4 4. Nxd4 Qf6 5. Be3 Bc5 6. c3 Nge7 7. Bc4 Ne5 8. Be2 Qg6 9. O-O d6 10. f4 Qxe4 11. Bf2 Bxd4 12. cxd4 N5g6 13. Nc3 Qxf4 14. Nb5 O-O 15. Nxc7 Rb8 16. d5 Qg5 17. Bxa7 Bh3 18. Rf2 Rbc8 19. Bb6 Nf4 20. Qd2 Neg6 21. Bf3 Bg4 22. Kh1 Bxf3 23. Rxf3 Qg4 24. Nb5 Qd7 25. Nc3 Nh5 26. Bd4 Ne5 27. Bxe5 dxe5 28. Qg5 Nf4 29. Qxe5 Ng6 30. Qd4 Rfe8 31. Raf1 Ne5 32. Rg3 Rc4 33. Qb6 Kh8 34. h3 Rh4 35. Qb5 Qxb5 36. Nxb5 Rb4 37. Nd6 Re7 38. Nf5 Rd7 39. Rc1 Rd8 40. Nxg7 Rxb2 41. Nh5 Rxa2 42. Re3 Ng6 43. Rc7 Rf8 44. d6 Rd2 45. d7 b6 46. Nf6 Kg7 47. Ne8+ Kh6 48. Rb3 Nf4 49. Rxb6+ Ne6 50. Ra7 Rg8 51. Nf6 Rgxg2 52. Ng4+ Rxg4 53. hxg4 Kg5 54. Rb4 Kh4 55. Kg1 Ng5 56. Rb3 Kxg4 57. Kf1 Ne6 58. Ke1 Rd4 59. Ke2 Kg5 60. Ke3 Kf6 61. Rb1 Ke5 62. Rb5+ Kf6 63. Rh5 Ke7 64. d8=Q+ Kxd8 65. Rxf7 Rd7 66. Rf1 Re7 67. Kd3 Ke8 68. Ra5 Nd8 69. Ra8 Kd7 70. Rh1 Nc6 71. Rh8 Ne5+ 72. Kd4 Ng6 73. Ra8 Ke6 74. Rf1 Rb7 75. Ra6+ Ke7 76. Raf6 Ke8 77. Kc5 Rc7+ 78. Kb6 Rd7 79. R1f2 Re7 80. Rc6 Rd7 81. Kc5 Re7 82. Rc8+ Kd7 83. Rg8 Re8 84. Rd2+ 

1-0

[Event "Zaragoza op"]
[Site "?"]
[Date "1993.??.??"]
[Round "?"]
[White "Ochoa De Echaguen, Fco Javier"]
[Black "Veingold, Aleksandr"]
[WhiteElo "2450"]
[BlackElo "2465"]
[Result "1-0"]

1. e4 c5 2. Nf3 d6 3. d4 cxd4 4. Nxd4 Nf6 5. Nc3 e6 6. Be3 Be7 7. g4 h6 8. Qe2 Nc6 9. O-O-O Bd7 10. Rg1 g5 11. Ndb5 Qb8 12. Qd2 Ne5 13. Be2 Bxb5 14. Bxb5+ Kf8 15. Be2 Ng6 16. h4 Nxh4 17. f4 Ne8 18. f5 Qc8 19. Bd4 Rh7 20. Rg3 a6 21. Na4 Bd8 22. Rc3 Ba5 23. Nb6 Bxc3 24. Bxc3 Qd8 25. Nxa8 Qxa8 26. Bb4 exf5 27. e5 Qd8 28. exd6 Qd7 29. gxf5 Nxf5 30. Bg4 Neg7 31. Rf1 Kg8 32. Bxf5 Nxf5 33. Rxf5 Qxf5 

1-0

[Event "Capablanca mem-A"]
[Site "?"]
[Date "1984.??.??"]
[Round "?"]
[White "Ochoa De Echaguen, Fco Javier"]
[Black "Hernandez Onna, Roman"]
[WhiteElo "2415"]
[BlackElo "2460"]
[Result "1-0"]

1. e4 c5 2. Nf3 Nc6 3. d4 cxd4 4. Nxd4 g6 5. Nb3 Bg7 6. Be2 d6 7. O-O Nf6 8. Nc3 O-O 9. Be3 Be6 10. f4 Qc8 11. Kh1 Rd8 12. Bg1 d5 13. e5 Ne4 14. Bd3 g5 15. Qe1 Nxc3 16. bxc3 gxf4 17. Qh4 Bf5 18. Qxf4 Bg6 19. Rae1 Rf8 20. Nd4 Nxd4 21. Bxd4 Qe6 22. Re3 Rac8 23. Qh4 Rc6 24. Rh3 h6 25. Re1 Bxd3 26. cxd3 Ra6 27. Qf2 Rc8 28. Rf3 Rac6 29. h3 Rf8 30. Rf4 Qg6 31. Re3 Re6 32. Rg4 Qh7 33. Reg3 Rg6 34. e6 Rxg4 35. Rxg4 f6 36. Qf3 Rd8 37. Bxa7 Kf8 38. Bc5 h5 39. Rg5 Qg8 40. Rxd5 

1-0

[Event "Bilbao Men"]
[Site "?"]
[Date "1993.??.??"]
[Round "?"]
[White "Ochoa De Echaguen, Fco Javier"]
[Black "Gomez Esteban, Juan Mario"]
[WhiteElo "2415"]
[BlackElo "2410"]
[Result "1-0"]

1. e4 e5 2. Nf3 Nc6 3. Bb5 a6 4. Ba4 Nf6 5. O-O Be7 6. Qe2 b5 7. Bb3 O-O 8. c3 d6 9. d4 Bg4 10. Rd1 Qc8 11. a4 Na5 12. Bc2 b4 13. h3 Bh5 14. Nbd2 c5 15. d5 Nd7 16. c4 Bg6 17. b3 h6 18. Rb1 f5 19. exf5 Bxf5 20. Bxf5 Rxf5 21. Ne4 Qe8 22. Nh2 Qg6 23. Qd3 Qh7 24. Ng4 Raf8 25. Be3 R5f7 26. Rb2 Nb7 27. Re2 Nf6 28. Nexf6+ Bxf6 29. f3 Qxd3 30. Rxd3 Kh7 31. Nf2 Be7 32. Ne4 Rf5 33. Bd2 Kg6 34. Kf2 Bg5 35. Bxg5 hxg5 36. Rd1 Rf4 37. Ke3 Rh8 38. Ree1 Rff8 39. Rh1 Rd8 40. Rb1 Na5 41. Kd3 Nb7 42. Rbe1 Rh6 43. Re3 Rd7 44. Nf2 Rh8 45. Re4 Rf7 46. Rg4 Rf4 47. Ne4 Rxg4 48. fxg4 Rf8 49. Ke3 Na5 50. Rb1 Nb7 51. g3 Rh8 52. Rh1 Na5 53. h4 Nxb3 54. h5+ Kh6 55. Nxd6 Rf8 56. Nb7 Nd4 57. d6 Rb8 58. Nxc5 b3 59. Nd3 Nc6 60. Rb1 g6 61. Ke4 

1-0

[Event "Pamplona op"]
[Site "?"]
[Date "1996.??.??"]
[Round "?"]
[White "Ochoa De Echaguen, Fco Javier"]
[Black "Iruzubieta Villaluenga, Jesus M"]
[WhiteElo "2410"]
[BlackElo "2400"]
[Result "1-0"]

1. e4 Nf6 2. Nc3 d5 3. e5 d4 4. Nce2 Ne4 5. c3 Nc6 6. Nf3 Bg4 7. Nexd4 Nxe5 8. Qe2 Qd5 9. Qb5+ Qxb5 10. Bxb5+ Nd7 11. Ne5 Nf6 12. Nxg4 Nxg4 13. Be2 Ngf6 14. Nb5 Nd5 15. Bf3 N7b6 16. a4 a6 17. Na3 c6 18. a5 Nd7 19. d4 e5 20. dxe5 Nxe5 21. Bxd5 cxd5 22. Nc2 Bc5 23. Be3 Bxe3 24. Nxe3 O-O-O 25. O-O-O Nc6 26. b4 d4 27. cxd4 Nxd4 28. Kb2 Rhe8 29. Rd3 Nc6 30. Rxd8+ Rxd8 31. Kc3 Nd4 32. Kc4 Nb5 33. Rd1 Rxd1 34. Nxd1 Nc7 35. Kc5 Ne6+ 36. Kb6 Nf4 37. Ne3 Nd3 38. Nf5 Nxf2 39. Nd6+ Kb8 40. Nxb7 Nd3 41. Nc5 Nxb4 42. Nxa6+ Nxa6 43. Kxa6 h5 44. Kb6 h4 45. h3 

1-0

[Event "Lisboa zt"]
[Site "?"]
[Date "1993.??.??"]
[Round "?"]
[White "Ochoa De Echaguen, Fco Javier"]
[Black "Contin, Daniel"]
[WhiteElo "2415"]
[BlackElo "2395"]
[Result "1-0"]

1. e4 e6 2. d4 d5 3. Nc3 Bb4 4. Ne2 dxe4 5. a3 Bxc3+ 6. Nxc3 Nc6 7. Bf4 Nf6 8. Bb5 O-O 9. Bxc6 bxc6 10. Bg5 Ba6 11. Qd2 Rb8 12. O-O-O Kh8 13. Bxf6 gxf6 14. Nxe4 Rg8 15. Nc5 Bc8 16. g3 Qe7 17. f4 Rd8 18. Qe3 Qd6 19. c4 Rb6 20. Qc3 Qe7 21. Rhe1 Kg8 22. g4 Qf8 23. Ne4 Qh6 24. g5 Qxh2 25. Nxf6+ Kf8 26. Rf1 a5 27. Rd2 Qh4 28. Rd3 Qh2 29. Rd2 Qh4 30. Qxa5 Ba6 31. Qc3 Ke7 32. Rg2 h6 33. Ne4 hxg5 34. Nxg5 Rdb8 35. b4 Rg8 36. Re2 f6 37. Nxe6 

1-0

[Event "Bilbao"]
[Site "?"]
[Date "1987.??.??"]
[Round "?"]
[White "Ochoa De Echaguen, Fco Javier"]
[Black "Izeta Txabarri, Felix"]
[WhiteElo "2430"]
[BlackElo "2380"]
[Result "1-0"]

1. e4 e5 2. Nf3 Nc6 3. Bb5 a6 4. Ba4 Nf6 5. d4 exd4 6. O-O Be7 7. e5 Ne4 8. Nxd4 O-O 9. Nf5 d5 10. Bxc6 bxc6 11. Nxe7+ Qxe7 12. Re1 Re8 13. f3 Nd6 14. Bf4 Nf5 15. Qd2 Rb8 16. b3 f6 17. h3 Qc5+ 18. Kh1 fxe5 19. Rxe5 Bd7 20. Nc3 Qd4 21. Rxe8+ Rxe8 22. Rd1 Qxd2 23. Rxd2 Re1+ 24. Kh2 Nd6 25. Nd1 Re7 26. Kg1 h6 27. Kf2 Kf7 28. a4 Be6 29. Nb2 g5 30. Be3 Bf5 31. g4 Bg6 32. Nd3 Bxd3 33. Rxd3 Nb7 34. Rd4 Re8 35. f4 Nc5 36. f5 Ne4+ 37. Kf3 Rb8 38. Bg1 Nf6 39. Rd1 Rd8 40. Bh2 Rd7 41. Bg1 Rd8 42. Bd4 Ne4 43. Be3 c5 44. h4 Kg7 45. hxg5 hxg5 46. Rh1 Rh8 47. f6+ Nxf6 48. Rxh8 Kxh8 49. Bxg5 Nd7 50. Kf4 Kg7 51. Kf5 Kf7 52. Bf4 c6 53. g5 c4 54. bxc4 dxc4 55. g6+ Kg7 56. Be5+ Kg8 57. Bd4 c5 58. Be3 a5 59. Ke6 Nb6 60. Bxc5 Nxa4 61. Bd4 c3 62. Kd5 

1-0

[Event "New York op"]
[Site "?"]
[Date "1992.??.??"]
[Round "?"]
[White "Ochoa De Echaguen, Fco Javier"]
[Black "Morris, Walter D"]
[WhiteElo "2410"]
[BlackElo "2375"]
[Result "1-0"]

1. e4 e6 2. d4 d5 3. Nc3 Bb4 4. Ne2 dxe4 5. a3 Bxc3+ 6. Nxc3 Nc6 7. Bf4 Nge7 8. Qd2 O-O 9. O-O-O Ng6 10. Nxe4 Nxd4 11. Bg5 f6 12. Qxd4 Qxd4 13. Rxd4 fxg5 14. Nxg5 h6 15. Ne4 e5 16. Bc4+ Kh8 17. Rd2 Nf4 18. f3 Bf5 19. Re1 Rad8 20. Rxd8 Rxd8 21. g3 Ng6 22. Nc5 b6 23. Nd3 Rd4 24. Bf7 e4 25. g4 Nh4 26. gxf5 Nxf3 27. Re3 Nxh2 28. Nf2 

1-0

[Event "Capablanca mem-C"]
[Site "?"]
[Date "1991.??.??"]
[Round "?"]
[White "Ochoa De Echaguen, Fco Javier"]
[Black "Gomez Fontal, Felix Manuel"]
[WhiteElo "2390"]
[BlackElo "2365"]
[Result "1-0"]

1. e4 e5 2. Nf3 Nc6 3. Bb5 f5 4. d3 fxe4 5. dxe4 Nf6 6. Nc3 Bb4 7. Qd3 d6 8. Bg5 Bd7 9. Nd2 Bxc3 10. Qxc3 O-O 11. Bxc6 Bxc6 12. O-O-O Qe8 13. f3 Qg6 14. Bxf6 Rxf6 15. Qc4+ Kh8 16. Qe2 Qf7 17. Kb1 a5 18. c4 a4 19. Nf1 Rb8 20. Ne3 b5 21. Rc1 a3 22. b3 Qe8 23. Rhd1 Qh5 24. Qd2 b4 25. h3 Qg5 26. Nd5 Qxd2 27. Rxd2 Bxd5 28. cxd5 Rf7 29. Kc2 g5 30. Kd3 h5 31. Rdc2 Rb7 32. Ke3 Kg7 33. Rc6 Kg6 34. Rf1 Rb8 35. Rc4 Kh6 36. Rf2 Kg6 37. Rc1 Kh6 38. Rh1 Kg6 39. h4 gxh4 40. Rxh4 Kg5 41. g3 Rbf8 42. Rh1 Rb8 43. f4+ Kg6 44. Rc2 exf4+ 45. gxf4 Rh7 46. Rg1+ Kf6 47. e5+ 

1-0

[Event "Catalunya-chT"]
[Site "?"]
[Date "1996.??.??"]
[Round "?"]
[White "Ochoa De Echaguen, Fco Javier"]
[Black "Medina Garcia, Antonio Angel"]
[WhiteElo "2410"]
[BlackElo "2360"]
[Result "1-0"]

1. e4 e5 2. Nf3 Nc6 3. d4 exd4 4. Nxd4 Nf6 5. Nc3 Bb4 6. Nxc6 bxc6 7. Bd3 d5 8. exd5 cxd5 9. Qe2+ Be7 10. Bg5 O-O 11. O-O-O c6 12. Rhe1 Be6 13. Bf5 Bxf5 14. Qxe7 Qxe7 15. Rxe7 Ne4 16. Nxe4 Bxe4 17. f3 Bf5 18. Rde1 Be6 19. Be3 Rfe8 20. Rc7 Rec8 21. Rxc8+ Rxc8 22. Bc5 a6 23. Re3 Rb8 24. Ra3 Bc8 25. Bd6 Rb5 26. Rc3 Bd7 27. a4 Rb6 28. b3 h5 29. Kd2 h4 30. Re3 Be6 31. Kc3 Rb7 32. Kd4 Kh7 33. Kc5 Bd7 34. Re7 Kg6 35. Be5 f6 36. Bd4 Bc8 37. Rxb7 Bxb7 38. b4 Kf7 39. Kb6 Bc8 40. Kxc6 Bf5 41. b5 

1-0

[Event "ESP-chT"]
[Site "?"]
[Date "1994.??.??"]
[Round "?"]
[White "Ochoa De Echaguen, Fco Javier"]
[Black "Vega Holm, Fernando"]
[WhiteElo "2430"]
[BlackElo "2350"]
[Result "1-0"]

1. e4 e6 2. d4 d5 3. Nc3 Nf6 4. Bg5 dxe4 5. Nxe4 Nbd7 6. Nf3 Be7 7. Nxf6+ Bxf6 8. Qd2 Bxg5 9. Nxg5 Nf6 10. O-O-O O-O 11. Bd3 b6 12. c3 Bb7 13. f3 Qe7 14. Qf2 h6 15. Nh3 c5 16. dxc5 Qxc5 17. Qxc5 bxc5 18. Nf2 Rfd8 19. Rhe1 Kf8 20. Ne4 Bxe4 21. Bxe4 Rab8 22. Rxd8+ Rxd8 23. Kc2 Ke7 24. b4 cxb4 25. cxb4 Rd4 26. Kc3 e5 27. Re2 Rd8 28. Rd2 Rxd2 29. Kxd2 Ne8 30. a4 Nd6 31. Kc3 f5 32. Bd5 Ne8 33. Kc4 Kd6 34. Bf7 Nf6 35. b5 e4 36. fxe4 fxe4 37. Kd4 Nd7 38. Bb3 Nc5 39. Bc2 Nb7 40. Kxe4 Na5 41. Kf5 Ke7 42. Ke5 Kd7 43. Bf5+ 

1-0

[Event "Barcelona Ugandan"]
[Site "?"]
[Date "1994.??.??"]
[Round "?"]
[White "Ochoa De Echaguen, Fco Javier"]
[Black "Narciso Dublan, Marc"]
[WhiteElo "2430"]
[BlackElo "2340"]
[Result "1-0"]

1. e4 c6 2. d4 d5 3. e5 Bf5 4. h4 h6 5. g4 Bd7 6. h5 c5 7. c3 Nc6 8. Bh3 Qa5 9. Kf1 e6 10. Ne2 b5 11. Be3 b4 12. Nd2 bxc3 13. bxc3 c4 14. Kg2 Nge7 15. f4 Nc8 16. Nf3 Ba3 17. Rb1 N6e7 18. Qc2 g6 19. Ng3 Nb6 20. Kh2 Qa4 21. Qd2 O-O-O 22. Ng1 Kb7 23. N1e2 Rb8 24. Rhf1 Ka6 25. f5 g5 26. fxe6 fxe6 27. Rf6 Nc6 28. Bf1 Be7 29. Rf2 Rhf8 30. Rg2 Qa3 31. Nc1 Na4 32. Rb3 Rxb3 33. axb3 Nb6 34. Qd1 Qa5 35. Ra2 Ba3 36. b4 

1-0

[Event "Lisboa zt"]
[Site "?"]
[Date "1993.??.??"]
[Round "?"]
[White "Ochoa De Echaguen, Fco Javier"]
[Black "Silva, Fernando"]
[WhiteElo "2415"]
[BlackElo "2335"]
[Result "1-0"]

1. e4 c5 2. Nf3 d6 3. d4 cxd4 4. Nxd4 Nf6 5. Nc3 Nc6 6. Bg5 Bd7 7. Be2 Qa5 8. Bxf6 gxf6 9. O-O Nxd4 10. Qxd4 Rc8 11. a4 Qc5 12. Qd2 e6 13. Bb5 Be7 14. Bxd7+ Kxd7 15. Ra3 Rc6 16. Rb3 Kc8 17. Rb5 Qc4 18. Qh6 a6 19. Rb3 Rc5 20. Qg7 Rf8 21. Qxh7 f5 22. exf5 Rxf5 23. Qh3 Rg8 24. Qd3 Qc6 25. g3 Kb8 26. Ne2 Rc5 27. Nd4 Qd5 28. Rb4 Ka8 29. c4 Qh5 30. Qf3 Qxf3 31. Nxf3 Rg4 32. Rc1 Bd8 33. h4 Re4 34. Kf1 Rf5 35. Re1 Rg4 36. Kg2 Ba5 37. Rb3 Bxe1 38. Nxe1 Rxc4 39. Rd3 d5 40. b3 Re4 41. Nf3 Re2 42. g4 Rf4 43. Kg3 Ree4 44. Nh2 Rf6 45. f3 Re1 46. g5 Rg6 47. f4 Rg8 48. Nf3 Rc1 49. f5 Rc6 50. Ne5 Rc7 51. f6 Rf8 52. h5 Rc1 53. Kg2 Re1 54. Nf3 Re4 55. Rd4 Re3 56. Kf2 Rxb3 57. Rf4 Rb2+ 58. Kg3 Rb3 59. Kh4 Rb1 60. g6 fxg6 61. hxg6 Rh1+ 62. Kg5 

1-0

[Event "ESP-ChTa"]
[Site "?"]
[Date "1995.??.??"]
[Round "?"]
[White "Ochoa De Echaguen, Fco Javier"]
[Black "Rodriguez Lopez, Rafael"]
[WhiteElo "2455"]
[BlackElo "2315"]
[Result "1-0"]

1. e4 c5 2. Nf3 d6 3. d4 cxd4 4. Nxd4 Nf6 5. Nc3 a6 6. Be3 e6 7. Qd2 b5 8. f3 Bb7 9. a4 b4 10. Na2 d5 11. e5 Nfd7 12. f4 a5 13. Bb5 g6 14. O-O Qc7 15. Rac1 Nc6 16. c4 Nxd4 17. Qxd4 

1-0

[Event "Zaragoza op"]
[Site "?"]
[Date "1993.??.??"]
[Round "?"]
[White "Ochoa De Echaguen, Fco Javier"]
[Black "Gomez Segura, Adalberto"]
[WhiteElo "2450"]
[BlackElo "2315"]
[Result "1-0"]

1. e4 c5 2. Nf3 Nc6 3. Bb5 g6 4. O-O Bg7 5. c3 e5 6. d3 Nge7 7. Be3 d6 8. d4 cxd4 9. cxd4 O-O 10. d5 Nb8 11. Nfd2 f5 12. f3 Nd7 13. Nc3 Nf6 14. Be2 Nh5 15. Nc4 Nf4 16. Nb5 Nxe2+ 17. Qxe2 b6 18. Ncxd6 Ba6 19. Qc4 Nc8 20. Nxc8 Rxc8 21. Qa4 Bxb5 22. Qxb5 fxe4 23. fxe4 Rc2 24. Qb3 Qc8 25. d6+ Qc4 26. Rxf8+ Bxf8 27. Qxc4+ Rxc4 28. d7 Be7 29. Rd1 Bd8 30. h4 

1-0

[Event "Barcelona"]
[Site "?"]
[Date "1996.??.??"]
[Round "?"]
[White "Ochoa De Echaguen, Fco Javier"]
[Black "Jose Abril, Ramon"]
[WhiteElo "2410"]
[BlackElo "2315"]
[Result "1-0"]

1. Nf3 Nf6 2. c4 c6 3. Nc3 d5 4. d4 dxc4 5. a4 Bg4 6. Ne5 Bh5 7. f3 Nfd7 8. Nxc4 e5 9. g3 Bb4 10. dxe5 O-O 11. Bh3 Qe7 12. f4 Rd8 13. Qc2 Na6 14. Be3 Bc5 15. Qe4 Bxe3 16. Qxe3 b5 17. axb5 Nb4 18. Rc1 cxb5 19. Nd6 Nb6 20. Qc5 Na6 21. Qxb5 Nc7 22. Qb3 Kh8 23. O-O f6 24. Ncb5 Nxb5 25. Qxb5 fxe5 26. Qxe5 Qxd6 27. Qxh5 Qd4+ 28. Kh1 Rd6 29. Qe5 Qxe5 30. fxe5 Rd2 31. Bg4 Re8 32. e6 Nd5 33. Rf7 h5 34. Bxh5 Rxe6 35. Bf3 Ne3 36. b4 a6 37. Kg1 Rd4 38. Rf4 Rd2 39. Kf2 g5 40. Rf7 Rd1 41. Rcc7 g4 42. Rh7+ Kg8 43. Rhg7+ Kf8 44. Rcf7+ Ke8 45. Bc6+ Rxc6 46. Re7+ Kf8 47. Rgf7+ Kg8 48. Kxe3 Rc3+ 49. Kf2 Rc4 50. Rg7+ Kh8 51. Rh7+ Kg8 52. Reg7+ Kf8 53. Rc7 Rxc7 54. Rxc7 

1-0

[Event "ESP-chT"]
[Site "?"]
[Date "1997.??.??"]
[Round "?"]
[White "Ochoa De Echaguen, Fco Javier"]
[Black "Gomez Jurado, Luis Alberto"]
[WhiteElo "2440"]
[BlackElo "2310"]
[Result "1-0"]

1. e4 c5 2. Nf3 Nc6 3. d4 cxd4 4. Nxd4 Nf6 5. Nc3 d6 6. Bg5 e6 7. Qd2 a6 8. O-O-O h6 9. Bf4 Bd7 10. Nxc6 Bxc6 11. Qe1 d5 12. exd5 Bxd5 13. Nxd5 Nxd5 14. Be5 Qg5+ 15. Kb1 Nb6 16. Bd3 Rc8 17. Be4 Bc5 18. Bxb7 O-O 19. f4 Qe7 20. Bxc8 Rxc8 21. b3 Nd5 22. Rxd5 exd5 23. Qc3 Qd7 24. Rd1 f6 25. Bd4 Bd6 26. Qd2 Qf5 27. g3 Bf8 28. Bb2 Kh8 29. a3 a5 30. Qd3 Qh3 31. Rd2 Rd8 32. Qa6 d4 33. Qxa5 Re8 34. Qb5 Re1+ 35. Ka2 Qc8 36. Qc4 Qa8 37. Rxd4 Re8 38. Qd5 Qa6 39. Qh5 Ra8 40. a4 Be7 41. Rd7 Bf8 42. Qd5 Rc8 43. Rd8 

1-0

[Event "ESP-ch"]
[Site "?"]
[Date "1996.??.??"]
[Round "?"]
[White "Ochoa De Echaguen, Fco Javier"]
[Black "Cisneros, Lucas"]
[WhiteElo "2410"]
[BlackElo "2310"]
[Result "1-0"]

1. e4 e6 2. d4 d5 3. Nc3 Nf6 4. Bg5 Be7 5. e5 Nfd7 6. Bxe7 Qxe7 7. f4 a6 8. Nf3 c5 9. dxc5 Nc6 10. Qd2 Qxc5 11. O-O-O b5 12. Ne2 Bb7 13. Ned4 Nxd4 14. Nxd4 b4 15. h4 Qe7 16. Kb1 O-O 17. Bd3 a5 18. Rde1 Nc5 19. f5 Ne4 20. Qf4 Kh8 21. f6 gxf6 22. exf6 Qc5 23. Nf3 Rg8 24. Ne5 Qf8 25. g4 a4 26. Rd1 b3 27. Bxe4 bxa2+ 28. Ka1 a3 29. b3 dxe4 30. Rd7 e3 31. Rxb7 

1-0

[Event "Thessaloniki ol"]
[Site "?"]
[Date "1988.??.??"]
[Round "?"]
[White "Ochoa De Echaguen, Fco Javier"]
[Black "Ferreira, A"]
[WhiteElo "2450"]
[BlackElo "2300"]
[Result "1-0"]

1. e4 c5 2. c3 e6 3. Nf3 Nc6 4. d4 d5 5. exd5 exd5 6. Be3 cxd4 7. Bxd4 Nxd4 8. Nxd4 Nf6 9. Bb5+ Bd7 10. Qe2+ Qe7 11. Bxd7+ Kxd7 12. Qxe7+ Bxe7 13. Nb3 Bd6 14. O-O Rhe8 15. N1d2 Re2 16. Rad1 Bf4 17. Rfe1 Rxe1+ 18. Rxe1 Bd6 19. h3 Re8 20. Rd1 Kc7 21. Kf1 a6 22. Nf3 h6 23. Nfd4 g6 24. Nc2 Bf8 25. Rd3 Bg7 26. Nb4 Rd8 27. Rf3 Rd7 28. Nc5 Rd8 29. Nc2 Kc6 30. Nd3 Kd6 31. Nf4 Re8 32. Rd3 Re4 33. g3 Kc5 34. Rd1 h5 35. f3 Re7 36. Nb4 Rd7 37. Nbd3+ Kd6 38. g4 Bh6 39. Kf2 Bxf4 40. Nxf4 hxg4 41. hxg4 Kc6 42. Rd4 Ne8 43. Nd3 Kd6 44. c4 Nc7 45. c5+ Ke6 46. Rb4 Nb5 47. c6 Rd8 48. Nc5+ 

1-0

[Event "Lisboa zt"]
[Site "?"]
[Date "1993.??.??"]
[Round "?"]
[White "Ochoa De Echaguen, Fco Javier"]
[Black "Garcia, Raul"]
[WhiteElo "2415"]
[BlackElo "2300"]
[Result "1-0"]

1. e4 c5 2. Nf3 Nc6 3. d4 cxd4 4. Nxd4 Nf6 5. Nc3 d6 6. Bg5 Bd7 7. Be2 Qa5 8. Bxf6 gxf6 9. O-O Nxd4 10. Qxd4 Rc8 11. a4 Qc5 12. Qd2 f5 13. Bb5 a6 14. Bxd7+ Kxd7 15. Nd5 fxe4 16. b4 Qa7 17. Qf4 Ke8 18. Qxe4 e6 19. a5 Be7 20. Rfe1 Bd8 21. Ra3 b5 22. axb6 Bxb6 23. Rf3 Bd4 24. Nf6+ Bxf6 25. Rxf6 Qe7 26. Rh6 d5 27. Qe5 Kd7 28. c4 Qd6 29. Qf6 Rcf8 30. c5 Qe7 31. Qa1 Ra8 32. Qa4+ Kc7 33. Qa5+ Kc8 34. Rh3 Qc7 35. Qa1 Kb7 36. Ra3 Rhg8 37. Rb1 Qc6 38. Qf6 Rgf8 39. Qe7+ Qc7 40. c6+ 

1-0

[Event "ESP-chT"]
[Site "?"]
[Date "1993.??.??"]
[Round "?"]
[White "Ochoa De Echaguen, Fco Javier"]
[Black "Serra Olives, Tomas"]
[WhiteElo "2450"]
[BlackElo "2285"]
[Result "1-0"]

1. e4 e5 2. Nf3 Nc6 3. d4 exd4 4. Nxd4 Bc5 5. Nxc6 Qf6 6. Qd2 Qxc6 7. Bd3 Nf6 8. O-O O-O 9. b4 Bd4 10. c3 Bb6 11. c4 Bd4 12. Nc3 d5 13. Nxd5 Re8 14. Bb2 Bxb2 15. Qxb2 Ng4 16. Be2 Qg6 17. Bxg4 Bxg4 18. f3 Bd7 19. Qf2 Rac8 20. Qxa7 b6 21. Qa3 Bc6 22. Qd3 b5 23. cxb5 Bxd5 24. Qxd5 Red8 25. Qc6 Rd6 26. Qc3 Rcd8 27. Rf2 h5 28. Raf1 h4 29. Qxc7 Rd2 30. b6 Rd1 31. b7 Rxf1+ 32. Rxf1 Rd2 33. b8=Q+ Kh7 34. g3 

1-0

[Event "ESP-chT"]
[Site "?"]
[Date "1991.??.??"]
[Round "?"]
[White "Ochoa De Echaguen, Fco Javier"]
[Black "Fraguela Gil, Jose M"]
[WhiteElo "2390"]
[BlackElo "2280"]
[Result "1-0"]

1. e4 c5 2. Nf3 d6 3. d4 cxd4 4. Nxd4 Nf6 5. Nc3 e6 6. Be3 Be7 7. f3 Nc6 8. Qd2 a6 9. g4 Nd7 10. O-O-O h5 11. gxh5 Rxh5 12. f4 Nf6 13. Qg2 Bd7 14. Qxg7 Qa5 15. Qg1 Rh8 16. Be2 Rg8 17. Qf2 Ng4 18. Bxg4 Rxg4 19. Rhg1 Bh4 20. Qf1 Rxg1 21. Qxg1 Ne7 22. Nb3 Qh5 23. Rxd6 O-O-O 24. Qf1 Rg8 25. Rd1 Bc6 26. Nd4 Rg4 27. Nxc6 Nxc6 28. Qd3 

1-0

[Event "ESP-ChTa"]
[Site "?"]
[Date "1995.??.??"]
[Round "?"]
[White "Ochoa De Echaguen, Fco Javier"]
[Black "Rubio, Jj"]
[WhiteElo "2455"]
[BlackElo "2270"]
[Result "1-0"]

1. e4 e5 2. Nf3 Nf6 3. Nc3 Bb4 4. Nxe5 O-O 5. Be2 Re8 6. Nd3 Bxc3 7. dxc3 Nxe4 8. Nf4 d6 9. O-O Nd7 10. c4 Ndc5 11. f3 Nf6 12. b3 Qe7 13. Rf2 Qe5 14. Rb1 Bf5 15. Bf1 Ne6 16. Nd3 Qd4 17. Bb2 Qh4 18. Qd2 Nh5 19. g3 Qg5 20. Qxg5 Nxg5 21. Nb4 Bd7 22. Nd5 Bc6 23. Nxc7 Nxf3+ 24. Rxf3 Bxf3 25. Nxa8 Rxa8 26. Re1 g6 27. Kf2 Bc6 28. Rd1 Rd8 29. Bd4 a6 30. Be5 f5 31. Rxd6 Rxd6 32. Bxd6 Nf6 33. Ke2 Kf7 34. Bf4 Ke6 35. Ke3 Ne4 36. Kd4 g5 37. Be3 g4 38. c5 h5 39. c4 Nf6 40. b4 Ne4 41. b5 Be8 42. Bd3 Bd7 43. Bxe4 fxe4 44. c6 bxc6 45. bxa6 Bc8 46. a7 Bb7 47. c5 Kf5 48. a4 

1-0

[Event "FRA-ChT9697 Final"]
[Site "?"]
[Date "1997.05.04"]
[Round "?"]
[White "Koch, Jean-Rene"]
[Black "Ochoa De Echaguen, Fco Javier"]
[WhiteElo "2495"]
[BlackElo "2440"]
[Result "0-1"]

1. e4 e5 2. Nf3 Nf6 3. Nc3 Nc6 4. d4 Bb4 5. d5 Ne7 6. Qd3 O-O 7. Bd2 d6 8. g3 c6 9. dxc6 bxc6 10. a3 Ba5 11. Bg2 Bc7 12. Bg5 Nd7 13. O-O Nc5 14. Qd2 Ne6 15. Bxe7 Qxe7 16. Nh4 g6 17. Rfd1 a5 18. a4 Rb8 19. b3 Bb7 20. Ne2 Rbd8 21. c4 Bb6 22. Kh1 Bc8 23. Rab1 Qa7 24. f3 Bb7 25. Qh6 d5 26. cxd5 cxd5 27. exd5 Rxd5 28. f4 Rxd1+ 29. Rxd1 Be3 30. Nf3 Qa8 31. Rf1 Rc8 32. Qh3 exf4 33. Ne1 Ng5 34. Bxb7 Qxb7+ 35. Qg2 f3 36. Nxf3 Qxb3 37. Ned4 Bxd4 38. Nxg5 Rf8 39. Qc6 h6 40. Nf3 Bg7 41. Re1 Kh7 42. h4 Rc8 43. Qe4 Rc4 44. Qe2 Rxa4 45. h5 Ra2 46. hxg6+ fxg6 47. Qf1 Qb7 48. Qd3 Qb2 49. Qf1 Ra1 

0-1

[Event "New York op"]
[Site "?"]
[Date "1987.??.??"]
[Round "?"]
[White "Paunovic, Dragan"]
[Black "Ochoa De Echaguen, Fco Javier"]
[WhiteElo "2465"]
[BlackElo "2430"]
[Result "0-1"]

1. d4 Nf6 2. c4 e5 3. dxe5 Ng4 4. Nf3 Bc5 5. e3 Nc6 6. Be2 Ngxe5 7. Nxe5 Nxe5 8. Nc3 O-O 9. O-O Re8 10. b3 a5 11. Bb2 Ra6 12. Qd5 Ba7 13. c5 Rh6 14. f4 Nc6 15. Bc4 Qe7 16. Ne4 d6 17. f5 Ne5 18. f6 gxf6 19. cxd6 cxd6 20. Nxd6 Be6 21. Nf5 Bxf5 22. Rxf5 Nxc4 

0-1

[Event "ESP-ch"]
[Site "?"]
[Date "1992.??.??"]
[Round "?"]
[White "Rodriguez Vargas, Orestes"]
[Black "Ochoa De Echaguen, Fco Javier"]
[WhiteElo "2465"]
[BlackElo "2410"]
[Result "0-1"]

1. d4 f5 2. c4 Nf6 3. Nc3 d6 4. Nf3 c6 5. g3 g6 6. Bg2 Bg7 7. O-O O-O 8. b3 Na6 9. Bb2 Qe8 10. Rc1 h6 11. Re1 g5 12. e4 fxe4 13. Nxe4 Nxe4 14. Rxe4 Bf5 15. Re3 Qd7 16. Qe2 Rae8 17. d5 Bxb2 18. Qxb2 e5 19. dxe6 Rxe6 20. Rce1 Rfe8 21. Rxe6 Rxe6 22. Rxe6 Qxe6 23. h4 g4 24. Nd4 Qe5 25. Qd2 Bd7 26. Ne2 Kg7 27. Nf4 Nc7 28. Nd3 Qd4 29. Qe2 Kf6 30. Kh2 Bf5 31. Nf4 Ne6 32. Nxe6 Bxe6 33. f3 gxf3 34. Qxf3+ Ke7 35. Qe2 Kd7 36. Qc2 Qg7 37. Qf2 a6 38. Qb6 Kc8 39. Qe3 Qf6 40. Qxe6+ Qxe6 41. Bh3 Kd7 42. Kg2 h5 43. a3 Ke7 44. Bxe6 Kxe6 45. Kf3 Kf5 46. b4 b5 

0-1

[Event "ESP-chT"]
[Site "?"]
[Date "1996.??.??"]
[Round "?"]
[White "Garcia Padron, Jose"]
[Black "Ochoa De Echaguen, Fco Javier"]
[WhiteElo "2440"]
[BlackElo "2435"]
[Result "0-1"]

1. e4 c5 2. Nf3 Nc6 3. Bb5 g6 4. O-O Bg7 5. Re1 Nf6 6. c3 O-O 7. h3 e5 8. d3 d6 9. Nbd2 Ne8 10. Nf1 h6 11. a3 Nc7 12. Ba4 a5 13. Bb3 Kh7 14. a4 f5 15. exf5 gxf5 16. Ng3 d5 17. Nh5 Bh8 18. d4 cxd4 19. cxd4 e4 20. Ne5 Nxe5 21. dxe5 Bxe5 22. Bf4 Qe7 23. Qd2 Ra6 24. Rac1 d4 25. Bc4 Rc6 26. Qxa5 Bxf4 27. Nxf4 Qd6 28. g3 d3 29. Red1 Be6 30. Bb5 Nxb5 31. Qxb5 Rb6 32. Qa5 Bb3 33. Rd2 Rc6 34. Rxc6 bxc6 35. Qa7+ Rf7 36. Qa5 Qd4 37. Qa6 Qxa4 38. Qb6 Qb5 39. Qd4 Qa5 40. Qe3 Qa7 41. Qe1 Qc5 42. Ng2 Qd4 43. Qc1 c5 44. Qa1 Qb4 45. Qc1 Rc7 46. Ne3 Be6 47. Ng2 c4 48. Rd1 Rb7 49. Rd2 c3 50. bxc3 Qb1 51. Qd1 Qxd1+ 52. Rxd1 Rc7 53. Ne3 Rxc3 54. Ra1 d2 55. Rd1 Rc1 56. Kf1 Rxd1+ 57. Nxd1 Bc4+ 

0-1